| 000 | 00502nam a22001697a 4500 | ||
|---|---|---|---|
| 003 | OSt | ||
| 082 |
_a630 _bGOI/RE |
||
| 245 |
_aReport of the national commission on agriculture 1976: _bpart 3 demand and supply |
||
| 260 |
_aNew Delhi _bController of publications,Government of India _c1976 |
||
| 300 | _ax,195p. | ||
| 546 | _aEnglish | ||
| 650 | _ademand projections | ||
| 650 | _asupply possibilities | ||
| 650 | _aexport and import possibilities | ||
| 650 | _aexport strategy | ||
| 942 |
_2ddc _cBK |
||
| 999 |
_c161201 _d161201 |
||